[Event "ODJM A 2019"]
[Site "Willingen GER"]
[Date "2019.06.12"]
[Round "6"]
[White "Nasoyan, Maksim"]
[Black "Wübker, Paul-Luca"]
[Result "0-1"]
[Termination "normal"]
[Board "13"]
[WhiteElo "1878"]
[BlackElo "2035"]
[WhiteClock "00:16:04"]
[BlackClock "00:57:58"]
[PlyCount "106"]
[WhiteFideId "16220331"]
[BlackFideId "12939528"]
[EventCountry "GER"]
[EventRounds "9"]
[EventType "swiss"]
[EventDate "2019.06.08"]

1. e4 {[%clk 1:30:56]} 1... c5 {[%clk 1:30:55]} 2. Nf3 {[%clk 1:31:23]} 2... d6
{[%clk 1:31:20]} 3. d4 {[%clk 1:31:49]} 3... cxd4 {[%clk 1:31:44]} 4. Nxd4 {
[%clk 1:32:16]} 4... Nf6 {[%clk 1:32:03]} 5. Nc3 {[%clk 1:32:30]} 5... g6 {
[%clk 1:32:26]} 6. f3 {[%clk 1:32:49]} 6... Bg7 {[%clk 1:32:51]} 7. Be3 { [%clk
1:33:16]} 7... O-O {[%clk 1:33:13]} 8. Qd2 {[%clk 1:33:45]} 8... Nc6 { [%clk
1:33:36]} 9. g4 {[%clk 1:34:12]} 9... Be6 {[%clk 1:33:48]} 10. Nxe6 { [%clk
1:34:34]} 10... fxe6 {[%clk 1:34:11]} 11. O-O-O {[%clk 1:34:54]} 11... Ne5
{[%clk 1:33:10]} 12. Be2 {[%clk 1:35:05]} 12... Qc8 {[%clk 1:32:09]} 13. Kb1
{[%clk 1:30:00]} 13... Nfd7 {[%clk 1:28:11]} 14. f4 {[%clk 1:25:51]} 14... Nc4
{[%clk 1:28:16]} 15. Bxc4 {[%clk 1:26:14]} 15... Qxc4 {[%clk 1:28:40]} 16. Qd3
{[%clk 1:26:23]} 16... Qb4 {[%clk 1:25:23]} 17. a3 {[%clk 1:16:07]} 17... Qa5
{[%clk 1:22:23]} 18. Ne2 {[%clk 1:15:38]} 18... Qa4 {[%clk 1:16:13]} 19. e5
{[%clk 1:06:10]} 19... Rad8 {[%clk 1:12:53]} 20. exd6 {[%clk 0:57:00]} 20...
Nf6 {[%clk 1:13:01]} 21. dxe7 {[%clk 0:50:20]} 21... Rxd3 {[%clk 1:13:20]} 22.
exf8=Q+ {[%clk 0:50:39]} 22... Kxf8 {[%clk 1:13:28]} 23. Bc5+ {[%clk 0:48:22]}
23... Kf7 {[%clk 1:12:58]} 24. Rxd3 {[%clk 0:48:43]} 24... Qc6 {[%clk 1:12:53]}
25. Rhd1 {[%clk 0:47:05]} 25... Qxc5 {[%clk 1:13:13]} 26. g5 {[%clk 0:47:31]}
26... Nd5 {[%clk 1:13:37]} 27. Ng3 {[%clk 0:44:06]} 27... Qc4 {[%clk 1:00:53]}
28. h4 {[%clk 0:38:42]} 28... Bf8 {[%clk 0:57:48]} 29. Rd4 {[%clk 0:37:30]}
29... Qb5 {[%clk 0:57:27]} 30. c4 {[%clk 0:37:09]} 30... Nc3+ {[%clk 0:54:28]}
31. Kc2 {[%clk 0:36:57]} 31... Qa4+ {[%clk 0:54:43]} 32. Kxc3 {[%clk 0:25:00]}
32... Bg7 {[%clk 0:55:05]} 33. R1d3 {[%clk 0:25:01]} 33... Qc6 {[%clk 0:53:46]}
34. Kd2 {[%clk 0:23:14]} 34... Qg2+ {[%clk 0:53:10]} 35. Ne2 {[%clk 0:23:29]}
35... Bxd4 {[%clk 0:53:34]} 36. Rxd4 {[%clk 0:23:56]} 36... Ke7 {[%clk 0:53:56]
} 37. c5 {[%clk 0:19:34]} 37... Qh1 {[%clk 0:53:26]} 38. b4 {[%clk 0:13:01]}
38... Qxh4 {[%clk 0:52:42]} 39. b5 39... Qh1 {[%clk 0:52:55]} 40. Nc3 { [%clk
0:08:06]} 40... Qf3 {[%clk 0:48:14]} 41. a4 {[%clk 0:05:39]} 41... e5 { [%clk
0:46:09]} 42. Re4 {[%clk 0:02:35]} 42... Kd7 {[%clk 0:45:10]} 43. fxe5 { [%clk
0:01:50]} 43... Qf2+ {[%clk 0:43:21]} 44. Kd3 {[%clk 0:30:27]} 44... Qxc5
{[%clk 1:13:19]} 45. e6+ {[%clk 0:29:45]} 45... Ke7 {[%clk 1:13:42]} 46. Re3 {
[%clk 0:26:38]} 46... b6 {[%clk 1:07:55]} 47. Ne4 {[%clk 0:22:44]} 47... Qa3+ {
[%clk 0:56:35]} 48. Nc3 {[%clk 0:22:54]} 48... Qd6+ {[%clk 0:56:58]} 49. Ke2 {
[%clk 0:20:10]} 49... Qc5 {[%clk 0:57:13]} 50. Ne4 {[%clk 0:19:48]} 50... Qc2+
{[%clk 0:57:34]} 51. Kf3 {[%clk 0:20:06]} 51... Kxe6 {[%clk 0:57:53]} 52. Nf6+
{[%clk 0:19:19]} 52... Kf5 {[%clk 0:57:58]} 53. Ng4 {[%clk 0:16:04]} 53... Qd1+
0-1

[Event "ODJM A 2019"]
[Site "Willingen GER"]
[Date "2019.06.12"]
[Round "6"]
[White "Kracht, Raphael"]
[Black "Gerlach, Felix"]
[Result "1/2-1/2"]
[Termination "normal"]
[Board "16"]
[WhiteElo "1976"]
[BlackElo "2079"]
[WhiteClock "00:11:31"]
[BlackClock "00:33:40"]
[PlyCount "50"]
[WhiteFideId "16214382"]
[BlackFideId "12957690"]
[EventCountry "GER"]
[EventRounds "9"]
[EventType "swiss"]
[EventDate "2019.06.08"]

1. e4 {[%clk 1:30:59]} 1... e5 {[%clk 1:30:23]} 2. Nf3 {[%clk 1:30:39]} 2...
Nc6 {[%clk 1:27:25]} 3. Bb5 {[%clk 1:31:06]} 3... a6 {[%clk 1:27:45]} 4. Bxc6 {
[%clk 1:31:28]} 4... dxc6 {[%clk 1:27:58]} 5. O-O {[%clk 1:31:54]} 5... Bd6 {
[%clk 1:20:03]} 6. d4 {[%clk 1:32:20]} 6... exd4 {[%clk 1:20:26]} 7. Qxd4 {
[%clk 1:32:45]} 7... f6 {[%clk 1:20:48]} 8. Nc3 {[%clk 1:29:41]} 8... Be6 {
[%clk 1:10:39]} 9. Be3 {[%clk 1:28:54]} 9... Ne7 {[%clk 1:08:43]} 10. Rad1 {
[%clk 1:27:07]} 10... O-O {[%clk 1:06:01]} 11. h3 {[%clk 1:22:41]} 11... Ng6 {
[%clk 1:04:34]} 12. Qd2 {[%clk 1:22:06]} 12... Qe7 {[%clk 1:04:10]} 13. Nd4 {
[%clk 1:19:16]} 13... Rad8 {[%clk 1:02:53]} 14. Qe2 {[%clk 1:17:18]} 14... Bc8
{[%clk 1:00:19]} 15. Rfe1 {[%clk 1:07:27]} 15... Rfe8 {[%clk 0:59:31]} 16. Nf5
{[%clk 0:56:55]} 16... Qe5 {[%clk 0:51:28]} 17. Nxd6 {[%clk 0:56:25]} 17...
cxd6 {[%clk 0:51:09]} 18. Bb6 {[%clk 0:53:09]} 18... Rd7 {[%clk 0:51:18]} 19.
g3 {[%clk 0:50:51]} 19... Qe6 {[%clk 0:49:13]} 20. Qh5 {[%clk 0:43:27]} 20...
Rde7 {[%clk 0:47:30]} 21. b3 {[%clk 0:35:48]} 21... Qxh3 {[%clk 0:38:01]} 22.
Qxh3 {[%clk 0:35:35]} 22... Bxh3 {[%clk 0:38:26]} 23. Rxd6 {[%clk 0:29:12]}
23... f5 {[%clk 0:36:47]} 24. Bd8 {[%clk 0:14:48]} 24... Re6 {[%clk 0:34:21]}
25. Rxe6 {[%clk 0:11:31]} 25... Rxe6 {[%clk 0:33:40]} 1/2-1/2

[Event "ODJM A 2019"]
[Site "Willingen GER"]
[Date "2019.06.12"]
[Round "6"]
[White "Bargsten, Justus"]
[Black "Reinecke, Katharina"]
[Result "1/2-1/2"]
[Termination "normal"]
[Board "17"]
[WhiteElo "1980"]
[BlackElo "1846"]
[PlyCount "89"]
[WhiteFideId "12974188"]
[BlackFideId "12929727"]
[EventCountry "GER"]
[EventRounds "9"]
[EventType "swiss"]
[EventDate "2019.06.08"]

1. e4 c5 2. Nf3 Nc6 3. d4 cxd4 4. Nxd4 g6 5. Nc3 Bg7 6. Be3 e6 7. Ndb5 Nge7 8.
Bf4 e5 9. Bg5 O-O 10. Bc4 h6 11. Be3 a6 12. Nd6 b5 13. Bb3 Nd4 14. Qd2 Qc7 15.
Nxc8 Rfxc8 16. O-O Nxb3 17. cxb3 Kh7 18. Rfd1 d5 19. Nxd5 Nxd5 20. exd5 f5 21.
d6 Qd7 22. Qd5 Rc6 23. Bc5 Rac8 24. b4 e4 25. Rd2 Re8 26. f4 Re6 27. a4 bxa4
28. Rxa4 e3 29. Rd1 Rxc5 30. bxc5 Qxa4 31. d7 e2 32. d8=Q exd1=Q+ 33. Qxd1 Qxf4
34. Q8d2 Bd4+ 35. Kh1 Qxd2 36. Qxd2 Bxc5 37. g3 Bf8 38. Qd7+ Re7 39. Qc8 Bg7
40. b4 Re1+ 41. Kg2 Re2+ 42. Kf3 Ra2 43. Qb7 Ra3+ 44. Ke2 Rb3 45. Qxa6 1/2-1/2

[Event "ODJM A 2019"]
[Site "Willingen GER"]
[Date "2019.06.12"]
[Round "6"]
[White "Schimnatkowski, Lukas"]
[Black "Behringer, Tom"]
[Result "1/2-1/2"]
[Termination "normal"]
[Board "18"]
[WhiteElo "2128"]
[BlackElo "1766"]
[PlyCount "109"]
[WhiteFideId "12936723"]
[BlackFideId "16203496"]
[EventCountry "GER"]
[EventRounds "9"]
[EventType "swiss"]
[EventDate "2019.06.08"]

1. c4 Nf6 2. g3 c6 3. Bg2 d5 4. b3 g6 5. Bb2 Bg7 6. Nf3 O-O 7. O-O Bg4 8. d3
Nbd7 9. Nbd2 Re8 10. h3 Bxf3 11. Bxf3 e5 12. e4 d4 13. Be2 a5 14. f4 b5 15. Nf3
Nh5 16. Nxe5 Nxg3 17. Nxc6 Qb6 18. cxb5 Qxb5 19. Rc1 Re6 20. Nxd4 Qb6 21. e5
Nxe5 22. Rf2 Nc6 23. Nxe6 Bxb2 24. Rxc6 Qxc6 25. Bf3 Qxe6 26. Bxa8 Bd4 27. Kg2
Bxf2 28. Kxf2 Qxh3 29. Qe1 Nf5 30. Qe8+ Kg7 31. Bd5 Qh2+ 32. Ke1 Qg1+ 33. Ke2
Nd4+ 34. Kd2 Qf2+ 35. Kd1 Qc2+ 36. Ke1 Qc1+ 37. Kf2 Qxf4+ 38. Ke1 Nc2+ 39. Ke2
Nd4+ 40. Kd1 Qf1+ 41. Kd2 Qf2+ 42. Kd1 Qc2+ 43. Ke1 Qc1+ 44. Kf2 Qd2+ 45. Kg1
Ne2+ 46. Kf1 Ng3+ 47. Kg1 Qf4 48. Kg2 h5 49. Bxf7 Qxf7 50. Qxf7+ Kxf7 51. Kxg3
Ke6 52. a3 g5 53. b4 axb4 54. axb4 Kd5 55. Kf3 1/2-1/2

[Event "ODJM A 2019"]
[Site "Willingen GER"]
[Date "2019.06.12"]
[Round "6"]
[White "Schlick, Stefan"]
[Black "Ronge, Tim"]
[Result "1/2-1/2"]
[Termination "normal"]
[Board "19"]
[WhiteElo "2017"]
[BlackElo "2143"]
[PlyCount "50"]
[WhiteFideId "16211332"]
[BlackFideId "12955418"]
[EventCountry "GER"]
[EventRounds "9"]
[EventType "swiss"]
[EventDate "2019.06.08"]

1. d4 Nf6 2. c4 g6 3. Nc3 d5 4. Nf3 Bg7 5. e3 O-O 6. b4 a5 7. b5 c6 8. a4 Ne4
9. Bb2 Bg4 10. h3 Bxf3 11. Qxf3 e5 12. cxd5 cxd5 13. Nxe4 dxe4 14. Qxe4 exd4
15. Rd1 Qd6 16. Rxd4 Bxd4 17. Qxd4 Qxd4 18. Bxd4 Nd7 19. g3 Rac8 20. Bg2 b6 21.
Bc6 Nb8 22. Bf3 Nd7 23. Bc6 Nb8 24. Bf3 Nd7 25. Bc6 Nb8 1/2-1/2

[Event "ODJM A 2019"]
[Site "Willingen GER"]
[Date "2019.06.12"]
[Round "6"]
[White "Stemmler, Fabian"]
[Black "Weber, Jannis"]
[Result "0-1"]
[Termination "normal"]
[Board "21"]
[WhiteElo "2002"]
[BlackElo "1889"]
[PlyCount "38"]
[WhiteFideId "12964808"]
[BlackFideId "12990760"]
[EventCountry "GER"]
[EventRounds "9"]
[EventType "swiss"]
[EventDate "2019.06.08"]

1. d4 g6 2. c4 Nf6 3. f3 d5 4. cxd5 Nxd5 5. e4 Nb6 6. Nc3 Bg7 7. Be3 e5 8. d5
O-O 9. Qd2 c6 10. Rd1 cxd5 11. Nxd5 Nxd5 12. Bc4 Nxe3 13. Qxd8 Nxc4 14. Qg5
Nxb2 15. Rd2 Nc4 16. Rc2 Be6 17. Qc1 b5 18. Ne2 Nc6 19. O-O Nb4 0-1

[Event "ODJM A 2019"]
[Site "Willingen GER"]
[Date "2019.06.12"]
[Round "6"]
[White "Biermann, Lenhard"]
[Black "Bajorski, Marius"]
[Result "1/2-1/2"]
[Termination "normal"]
[Board "22"]
[WhiteElo "2069"]
[BlackElo "1967"]
[PlyCount "81"]
[WhiteFideId "12970077"]
[BlackFideId "12938831"]
[EventCountry "GER"]
[EventRounds "9"]
[EventType "swiss"]
[EventDate "2019.06.08"]

1. d4 Nf6 2. Nf3 e6 3. g3 d5 4. c4 Be7 5. Bg2 O-O 6. O-O c6 7. Nbd2 Nbd7 8. Qc2
b6 9. e4 Ba6 10. Re1 Rc8 11. b3 c5 12. exd5 exd5 13. Bb2 Re8 14. Rac1 cxd4 15.
Nxd4 Bc5 16. Rxe8+ Qxe8 17. Qb1 dxc4 18. Nxc4 Bxc4 19. Rxc4 Nf8 20. b4 Bxd4 21.
Rxd4 Ne6 22. Rd1 Qe7 23. a3 Rd8 24. Rd3 Rxd3 25. Qxd3 Qd7 26. Qxd7 Nxd7 27. Kf1
Kf8 28. f4 g6 29. Ke2 Ke7 30. Kd3 Kd6 31. Bc3 f5 32. Ke3 b5 33. h4 h5 34. Kd3
Nc7 35. Bd4 Nb6 36. Bc5+ Kd7 37. Bf3 Ne6 38. Be3 Kd6 39. Bg2 Kd7 40. Bf3 Kd6
41. Bg2 1/2-1/2

[Event "ODJM A 2019"]
[Site "Willingen GER"]
[Date "2019.06.12"]
[Round "6"]
[White "Gallasch, Robin"]
[Black "Wachinger, David"]
[Result "1-0"]
[Termination "normal"]
[Board "24"]
[WhiteElo "1889"]
[BlackElo "2066"]
[PlyCount "61"]
[WhiteFideId "16222423"]
[BlackFideId "24692689"]
[EventCountry "GER"]
[EventRounds "9"]
[EventType "swiss"]
[EventDate "2019.06.08"]

1. d4 Nf6 2. c4 g6 3. Nc3 Bg7 4. e4 d6 5. Nf3 O-O 6. h3 e5 7. dxe5 dxe5 8. Be3
Nbd7 9. c5 c6 10. Be2 Re8 11. O-O Qc7 12. Qa4 Nh5 13. Rfd1 Nf4 14. Bf1 Ne6 15.
b4 f5 16. exf5 gxf5 17. Qb3 Kh8 18. Rd6 Ndf8 19. Rad1 f4 20. Bc1 Nd4 21. Nxd4
exd4 22. Ne2 Be6 23. Qc2 Be5 24. Nxd4 Bxd6 25. cxd6 Qd7 26. Bxf4 Bf7 27. Nf5
Ne6 28. Qc3+ Kg8 29. Nh6+ Kf8 30. Qh8+ Bg8 31. Qxg8# 1-0

[Event "ODJM A 2019"]
[Site "Willingen GER"]
[Date "2019.06.12"]
[Round "6"]
[White "Brunner, Tobias"]
[Black "Kratz, Alexander"]
[Result "1-0"]
[Termination "normal"]
[Board "25"]
[WhiteElo "2017"]
[BlackElo "1741"]
[PlyCount "71"]
[WhiteFideId "12949833"]
[BlackFideId "16228529"]
[EventCountry "GER"]
[EventRounds "9"]
[EventType "swiss"]
[EventDate "2019.06.08"]

1. e4 g6 2. d4 Bg7 3. f4 d6 4. Nf3 Nd7 5. Bc4 Nb6 6. Bb3 Nf6 7. Qe2 O-O 8. O-O
c6 9. c3 a5 10. Bc2 Qc7 11. f5 e5 12. dxe5 dxe5 13. Be3 Nbd7 14. Nbd2 Ng4 15.
h3 Nxe3 16. Qxe3 Nf6 17. Nc4 Re8 18. Rad1 b5 19. Ncxe5 Rxe5 20. Nxe5 Qxe5 21.
Rd8+ Bf8 22. fxg6 hxg6 23. Qf2 Kg7 24. Rxf8 Kxf8 25. Qxf6 Qxf6 26. Rxf6 Be6 27.
Bb3 Ke7 28. e5 Bxb3 29. axb3 a4 30. bxa4 Rxa4 31. Rxc6 Ra1+ 32. Kh2 Ra2 33. b4
Rc2 34. Kg3 Kd7 35. Rc5 Ke6 36. Kf3 1-0

[Event "ODJM A 2019"]
[Site "Willingen GER"]
[Date "2019.06.12"]
[Round "6"]
[White "Fröhlich, Franziska"]
[Black "Brunner, Jan"]
[Result "1/2-1/2"]
[Termination "normal"]
[Board "26"]
[WhiteElo "1820"]
[BlackElo "2046"]
[PlyCount "125"]
[WhiteFideId "12988596"]
[BlackFideId "12981010"]
[EventCountry "GER"]
[EventRounds "9"]
[EventType "swiss"]
[EventDate "2019.06.08"]

1. e4 c5 2. c3 Nf6 3. e5 Nd5 4. Nf3 Nc6 5. Bc4 e6 6. O-O Be7 7. d4 cxd4 8. cxd4
d6 9. a3 O-O 10. Re1 Bd7 11. Nbd2 dxe5 12. dxe5 Qc7 13. b4 b5 14. Ba2 Nc3 15.
Qb3 Nxa2 16. Rxa2 a5 17. bxa5 Nxa5 18. Qb1 Rfc8 19. Nd4 Rab8 20. Rc2 Nc4 21.
Rc3 Qa7 22. Rh3 h6 23. Nxc4 Qxd4 24. Na5 Bc5 25. Be3 Qxe5 26. Bxh6 Qf5 27. Qxf5
exf5 28. Bd2 Re8 29. Rxe8+ Rxe8 30. Nb7 Ba7 31. Rd3 Bc6 32. Nd8 Be4 33. Rd7 Bc5
34. Nxf7 Re7 35. Rxe7 Bxe7 36. Ne5 Bxa3 37. f3 Bd5 38. Nd3 Bd6 39. Kf2 Bc4 40.
Nb2 Bb3 41. Nd3 Kf7 42. h4 g6 43. g4 Bc4 44. Nb2 Bd5 45. Nd3 fxg4 46. fxg4 Ba2
47. h5 gxh5 48. gxh5 Bb1 49. Bb4 Bc7 50. Ke2 Kg7 51. Kd2 Kh6 52. Kc3 Ba2 53.
Bf8+ Kxh5 54. Kb4 Bc4 55. Nb2 Be2 56. Nd1 Bf4 57. Nc3 Bd2 58. Bg7 Kg6 59. Bh8
Kf5 60. Bg7 Ke6 61. Bh8 Kd6 62. Bg7 Kc6 63. Bh6 1/2-1/2

[Event "ODJM A 2019"]
[Site "Willingen GER"]
[Date "2019.06.12"]
[Round "6"]
[White "Kamp, Adrian"]
[Black "Askerov, Imamali"]
[Result "1/2-1/2"]
[Termination "normal"]
[Board "27"]
[WhiteElo "1865"]
[BlackElo "1986"]
[PlyCount "81"]
[WhiteFideId "16222466"]
[BlackFideId "12974498"]
[EventCountry "GER"]
[EventRounds "9"]
[EventType "swiss"]
[EventDate "2019.06.08"]

1. e4 c5 2. d4 cxd4 3. c3 dxc3 4. Nxc3 Nc6 5. Nf3 e6 6. Bc4 d6 7. O-O a6 8. Qe2
b5 9. Bb3 Ra7 10. Be3 Rd7 11. Ng5 Nf6 12. f4 h6 13. Nf3 Bb7 14. Nd4 Nxd4 15.
Bxd4 Be7 16. Qe3 O-O 17. Rad1 b4 18. Na4 Nxe4 19. Nb6 Rc7 20. f5 exf5 21. Rxf5
Bg5 22. Qd3 Nc5 23. Bxc5 Rxc5 24. Nd5 a5 25. Rdf1 Bc8 26. R5f2 Be6 27. Bc2 g6
28. Nf6+ Bxf6 29. Rxf6 Bf5 30. R1xf5 Rxf5 31. Rxf5 gxf5 32. Qxf5 Kg7 33. Qh7+
Kf6 34. Qxh6+ Ke5 35. Qe3+ Kf6 36. Qh6+ Ke7 37. Qe3+ Kd7 38. Ba4+ Kc8 39. Qa7
Qc7 40. Qa8+ Qb8 41. Qc6+ 1/2-1/2

[Event "ODJM A 2019"]
[Site "Willingen GER"]
[Date "2019.06.12"]
[Round "6"]
[White "Muckle, Richard"]
[Black "Bender, Felix"]
[Result "1/2-1/2"]
[Termination "normal"]
[Board "28"]
[WhiteElo "2057"]
[BlackElo "1678"]
[PlyCount "138"]
[WhiteFideId "12942553"]
[BlackFideId "16215656"]
[EventCountry "GER"]
[EventRounds "9"]
[EventType "swiss"]
[EventDate "2019.06.08"]

1. d4 Nf6 2. g3 e6 3. Bg2 d5 4. Nf3 Be7 5. O-O O-O 6. Ne5 c5 7. c3 b6 8. b3 Bb7
9. Bb2 Nc6 10. Nxc6 Bxc6 11. c4 Rc8 12. dxc5 Bxc5 13. Nd2 dxc4 14. Nxc4 Bxg2
15. Kxg2 Qd5+ 16. Qxd5 Nxd5 17. Rfd1 Rfd8 18. Rac1 Kf8 19. Ne5 f6 20. Nd3 Be7
21. e4 Nb4 22. Nxb4 Bxb4 23. Kf3 Ke7 24. Rxc8 Rxc8 25. Rc1 Rxc1 26. Bxc1 Kd6
27. Ke2 Kc6 28. Bb2 Bd6 29. h3 Be7 30. f4 g6 31. g4 f5 32. gxf5 gxf5 33. Kd3
Bd6 34. Bc1 Be7 35. Bd2 Bf6 36. Be3 a6 37. Bd4 Bh4 38. Be5 Be7 39. Ke3 Bc5+ 40.
Kf3 Be7 41. Bd4 Bh4 42. Bg7 Kc5 43. Ke3 Be7 44. Be5 Kc6 45. Kd3 Bh4 46. a4 Be7
47. Bd4 Bd6 48. Be3 Be7 49. Bd2 Bh4 50. Bb4 Bf6 51. Bf8 Bh4 52. Bh6 Bf6 53. Bf8
Bh4 54. Ke3 Bf6 55. Kf3 Bh4 56. Bb4 Bf6 57. Ke3 Bh4 58. Kd4 Bf6+ 59. Kd3 Bh4
60. Bf8 Bf6 61. Ke3 Bh4 62. Bg7 Kc5 63. Bc3 Kc6 64. Kd3 Be7 65. Be1 Bf6 66. Bf2
Be7 67. Bd4 Bd6 68. Ke3 Bc5 69. Kd3 Bd6 1/2-1/2

[Event "ODJM A 2019"]
[Site "Willingen GER"]
[Date "2019.06.12"]
[Round "6"]
[White "Jenner, Meikel"]
[Black "Teichert, Felix"]
[Result "1/2-1/2"]
[Termination "normal"]
[Board "29"]
[WhiteElo "1797"]
[BlackElo "2027"]
[PlyCount "133"]
[WhiteFideId "16245342"]
[BlackFideId "12987670"]
[EventCountry "GER"]
[EventRounds "9"]
[EventType "swiss"]
[EventDate "2019.06.08"]

1. e4 c6 2. d4 d5 3. e5 Bf5 4. h4 Qa5+ 5. Bd2 Qa4 6. c3 Qxd1+ 7. Kxd1 e6 8. Nh3
f6 9. Nf4 fxe5 10. dxe5 Nd7 11. Bd3 Bxd3 12. Nxd3 Ne7 13. g4 c5 14. f4 h5 15.
Nf2 hxg4 16. Nxg4 Nf5 17. Be1 Be7 18. Na3 O-O-O 19. Kd2 a6 20. Ne3 Nxe3 21.
Kxe3 g5 22. Bg3 gxh4 23. Bh2 Nb8 24. Nc2 Nc6 25. Rad1 Bf8 26. Rhg1 Ne7 27. b4
Nf5+ 28. Kf3 Be7 29. Rg6 Rh6 30. Rxh6 Nxh6 31. bxc5 Bxc5 32. Bg1 Be7 33. Nd4
Kd7 34. Bf2 Rc8 35. Rc1 b5 36. Ke2 b4 37. Kd3 Rf8 38. cxb4 Ng4 39. Be3 Bxb4 40.
Rh1 Rc8 41. Ne2 Be7 42. Bd4 Ke8 43. Rg1 Nh6 44. Rg6 Nf5 45. Rxe6 h3 46. Bg1 Kf7
47. Rb6 Rg8 48. Rb1 Rg2 49. Ba7 h2 50. Re1 Bh4 51. Rc1 Rxe2 52. Kxe2 h1=Q 53.
Rxh1 Ng3+ 54. Kd3 Nxh1 55. Bg1 Ke6 56. Kd4 Ng3 57. Kc5 Bd8 58. Be3 Nf5 59. Bd2
Ne7 60. Be1 Nf5 61. Bd2 d4 62. a4 a5 63. Kc4 Bc7 64. Kc5 Bd8 65. Kc4 Bc7 66.
Kc5 Bd8 67. Kc4 1/2-1/2

[Event "ODJM A 2019"]
[Site "Willingen GER"]
[Date "2019.06.12"]
[Round "6"]
[White "Klugstedt, Vincent C."]
[Black "Grund, Sebastian"]
[Result "1/2-1/2"]
[Termination "normal"]
[Board "30"]
[WhiteElo "1827"]
[BlackElo "2051"]
[PlyCount "83"]
[WhiteFideId "16216393"]
[BlackFideId "12988626"]
[EventCountry "GER"]
[EventRounds "9"]
[EventType "swiss"]
[EventDate "2019.06.08"]

1. d4 Nf6 2. c4 g6 3. Nc3 d5 4. cxd5 Nxd5 5. Bd2 Bg7 6. e4 Nb6 7. Be3 O-O 8. h3
e5 9. Nf3 exd4 10. Bxd4 Qe7 11. Bxg7 Kxg7 12. Qd4+ Kg8 13. Rd1 Nc6 14. Qe3 Be6
15. Be2 Nc4 16. Bxc4 Bxc4 17. b3 Nb4 18. Rd2 Ba6 19. a3 Nc6 20. b4 Bc4 21. Nd4
Nxd4 22. Rxd4 Be6 23. O-O c5 24. bxc5 Qxc5 25. Nd5 Bxd5 26. exd5 Rfe8 27. Re4
Qxe3 28. Rxe3 Rad8 29. Rd1 Rxe3 30. fxe3 f5 31. Kf2 Kf7 32. g4 Kf6 33. gxf5
gxf5 34. Rd4 Ke5 35. Rh4 Rd7 36. Kf3 Kxd5 37. Kf4 Rf7 38. Rh5 Ke6 39. Rh6+ Kd7
40. h4 Re7 41. Rh5 Rf7 42. Rh6 1/2-1/2

[Event "ODJM A 2019"]
[Site "Willingen GER"]
[Date "2019.06.12"]
[Round "6"]
[White "Paeslack, Luis"]
[Black "Pepi, Lucas"]
[Result "1-0"]
[Termination "normal"]
[Board "31"]
[WhiteElo "2014"]
[BlackElo "1918"]
[PlyCount "49"]
[WhiteFideId "12987760"]
[BlackFideId "12944920"]
[EventCountry "GER"]
[EventRounds "9"]
[EventType "swiss"]
[EventDate "2019.06.08"]

1. d4 Nf6 2. c4 e6 3. Nf3 d5 4. Nc3 Bb4 5. Bg5 O-O 6. e3 c6 7. Qc2 h6 8. Bh4
Nbd7 9. Bd3 Be7 10. O-O b6 11. cxd5 cxd5 12. h3 Ne8 13. Bxe7 Qxe7 14. e4 dxe4
15. Bxe4 Rb8 16. Rfe1 Nef6 17. Bc6 Bb7 18. Bxb7 Rxb7 19. d5 e5 20. Rad1 Ne8 21.
Nb5 Nd6 22. Qc6 Nxb5 23. Qxb7 Nd6 24. Qxa7 f5 25. Nxe5 1-0

[Event "ODJM A 2019"]
[Site "Willingen GER"]
[Date "2019.06.12"]
[Round "6"]
[White "Schilay, Lorenz"]
[Black "Khachatryan, Taron"]
[Result "1/2-1/2"]
[Termination "normal"]
[Board "32"]
[WhiteElo "1888"]
[BlackElo "1900"]
[PlyCount "96"]
[WhiteFideId "12930180"]
[BlackFideId "16216598"]
[EventCountry "GER"]
[EventRounds "9"]
[EventType "swiss"]
[EventDate "2019.06.08"]

1. e4 c5 2. c3 Nf6 3. e5 Nd5 4. d4 cxd4 5. Nf3 e6 6. cxd4 b6 7. Bc4 Bb7 8. Nc3
Nxc3 9. bxc3 Qc7 10. Qd3 Be7 11. O-O Nc6 12. Bb3 Rc8 13. Bd2 Na5 14. Rfc1 Ba3
15. Rc2 Nc4 16. Bc1 Bxc1 17. Raxc1 Bxf3 18. Qxf3 O-O 19. Qd3 f6 20. f4 b5 21.
Rf2 fxe5 22. fxe5 Rxf2 23. Kxf2 Qb6 24. Ke2 Qd8 25. Bxc4 Rxc4 26. Rc2 Qh4 27.
h3 a6 28. Qf3 Rc8 29. Kd3 Rf8 30. Qe3 Qh5 31. Re2 Qf5+ 32. Qe4 Qf1 33. Kd2 Qa1
34. Qc2 b4 35. cxb4 Qxd4+ 36. Qd3 Qxb4+ 37. Qc3 Qb7 38. Qb3 Qc6 39. Kd3 Rf4 40.
Qb8+ Kf7 41. Qb3 Qc5 42. Kd2 Qd4+ 43. Kc2 Qc5+ 44. Kd2 Rf1 45. Qb2 Qd5+ 46. Kc3
Rf4 47. Qb3 Qd4+ 48. Kc2 Qc5+ 1/2-1/2

[Event "ODJM A 2019"]
[Site "Willingen GER"]
[Date "2019.06.12"]
[Round "6"]
[White "Meiwes, Thore"]
[Black "Recktenwald, Cedric"]
[Result "1-0"]
[Termination "normal"]
[Board "33"]
[WhiteElo "1933"]
[BlackElo "1839"]
[PlyCount "93"]
[WhiteFideId "16201256"]
[BlackFideId "12971928"]
[EventCountry "GER"]
[EventRounds "9"]
[EventType "swiss"]
[EventDate "2019.06.08"]

1. d4 Nf6 2. Bf4 d5 3. e3 c5 4. c3 Qb6 5. Qb3 c4 6. Qxb6 axb6 7. Nd2 Bf5 8. f3
Nc6 9. g4 Bd7 10. a3 b5 11. Rc1 e6 12. h4 h6 13. Nh3 O-O-O 14. Be2 Ne8 15. e4
f6 16. exd5 exd5 17. Kf2 Bd6 18. Rce1 g5 19. hxg5 hxg5 20. Bxd6 Nxd6 21. f4
Rdg8 22. fxg5 fxg5 23. Bf3 Rh4 24. Kg3 Kd8 25. Nf2 Rxh1 26. Nxh1 Ne7 27. Nf2
Bc6 28. Bg2 Ng6 29. Nh3 Nh4 30. Bh1 Re8 31. Rxe8+ Kxe8 32. Nxg5 Ng6 33. Ne6 Kf7
34. Nf4 Ne7 35. Nf1 Ndc8 36. Ne3 Nb6 37. Kh4 Kf6 38. Bf3 Kf7 39. Bd1 Bd7 40.
Bc2 Bc6 41. g5 Kg8 42. g6 Kg7 43. Kg5 Nd7 44. Nh5+ Kh8 45. g7+ Kg8 46. Ng4 Kf7
47. Nh6+ 1-0

[Event "ODJM A 2019"]
[Site "Willingen GER"]
[Date "2019.06.12"]
[Round "6"]
[White "Matthes, Aaron"]
[Black "Jurga, Jonas Vincent"]
[Result "1/2-1/2"]
[Termination "normal"]
[Board "34"]
[WhiteElo "1791"]
[BlackElo "1879"]
[PlyCount "150"]
[WhiteFideId "16227310"]
[BlackFideId "12968013"]
[EventCountry "GER"]
[EventRounds "9"]
[EventType "swiss"]
[EventDate "2019.06.08"]

1. d4 Nf6 2. Bf4 d5 3. e3 c5 4. c3 Qb6 5. Qb3 c4 6. Qxb6 axb6 7. Na3 Bd7 8. Nf3
e6 9. Nc2 Nc6 10. Be2 b5 11. Ne5 Be7 12. O-O h6 13. h3 O-O 14. g4 Nxe5 15. Bxe5
Ne8 16. a3 Bd6 17. Rad1 f6 18. Bxd6 Nxd6 19. f3 g5 20. Rfe1 Bc6 21. Bf1 f5 22.
Bg2 Rae8 23. Nb4 Kg7 24. Kh2 h5 25. Rd2 hxg4 26. hxg4 Kg6 27. Rde2 fxg4 28.
fxg4 Ne4 29. Bxe4+ dxe4 30. Kg2 Rf3 31. Rf1 Rxf1 32. Kxf1 Rf8+ 33. Kg2 Bd5 34.
Rf2 Rxf2+ 35. Kxf2 Kf6 36. Kg3 Ke7 37. Na2 Kf6 38. Nc1 Ke7 39. Ne2 Kf6 40. Kf2
Ke7 41. Ke1 Kf6 42. Ng1 Ke7 43. Nh3 Kf6 44. Kd2 Kg6 45. Kc2 Kf6 46. Kb1 Kg6 47.
Ka2 Bc6 48. b3 Bd5 49. bxc4 Bxc4+ 50. Kb2 Kf6 51. Nf2 Bd5 52. Kc2 Ke7 53. Kd2
Kf6 54. Nd1 Ke7 55. Nb2 Kd6 56. Nd1 Ke7 57. Ke2 Bc4+ 58. Ke1 Bd5 59. Kd2 Kd6
60. Nb2 Kc6 61. Kc1 Bc4 62. Kd2 Bb3 63. Ke2 Bc4+ 64. Ke1 Bb3 65. Kd2 Bc4 66. a4
Bb3 67. axb5+ Kxb5 68. Kc1 Ka5 69. Kd2 Kb5 70. Ke2 Ka5 71. Ke1 Kb5 72. Kd2 Ka5
73. Ke1 Kb5 74. Ke2 Ka5 75. Kd2 Kb5 1/2-1/2